The design and analysis of longitudinal studies: their role in the measurement of change
محفوظ في:
| المؤلف الرئيسي: | |
|---|---|
| التنسيق: | كتاب |
| اللغة: | الإنجليزية |
| منشور في: |
Londres
Academic Press
1979
|
| الموضوعات: | |
| الوسوم: |
إضافة وسم
لا توجد وسوم, كن أول من يضع وسما على هذه التسجيلة!
|
MARC
| LEADER | 00000nam a2200000 a 4500 | ||
|---|---|---|---|
| 001 | UCW1497 | ||
| 003 | CL-VaPUC | ||
| 008 | 920713e19790000UK |||||||||||||||||eng|d | ||
| 082 | 0 | 4 | |a 155 |b GOL |2 21 |
| 100 | |a Goldstein, Harvey |e author |9 348098 | ||
| 245 | 1 | 4 | |a The design and analysis of longitudinal studies: their role in the measurement of change |
| 300 | |a 199 p | ||
| 942 | |c BK | ||
| 945 | |d 19920713 00:00:00 | ||
| 260 | |a Londres |b Academic Press |c 1979 | ||
| 650 | 0 | |a Psicología evolutiva |9 271069 | |
| 650 | 7 | |a ESTUDIOS LONGITUDINALES |2 CL-VaPUC |9 271070 | |
| 583 | |a last modification |c 20130106 10:12:08 |k Rodrigo Vera | ||
| 999 | |c 216382 |d 216380 | ||
| 952 | |0 0 |1 0 |4 0 |6 155_000000000000000_GOL_1979 |7 0 |8 A |9 202068 |a BIBMAT |b BIBMAT |d 2019-11-14 |i 2692074 |o 155 GOL 1979 |p 2692074 |r 2025-01-07 |w 2019-11-14 |y BK |k MAT | ||